000 00294nam a22001337a 4500
008 171101b xxu||||| |||| 00| 0 eng d
020 _a9781400063956
041 _aeng
080 _a339.9
100 _a59
101 _aGLO
245 _aSONIC BOOM GLOBALIZATION
_cGREG.E
942 _2udc
_cBK
999 _c37143
_d37143